| 000 | 00452cam a22001097a 4500 | ||
|---|---|---|---|
| 008 | 180718b1958 xxu||||| |||| 00| 0 eng d | ||
| 082 | _aY15x54 In2f | ||
| 245 |
_aReport of working group of the government of India and the food and agriculture organization of the United Nations _cby Ministry of Food and Agriculture, India |
||
| 260 |
_aDelhi _bMinistry of Food and Agriculture _c1958 |
||
| 300 | _a92+p. | ||
| 700 | _aIndia. Ministry of Food and Agriculture | ||
| 999 |
_c426051 _d426051 |
||